| 000 | 00521nam a2200157Ia 4500 | ||
|---|---|---|---|
| 008 | 230907s9999||||xx |||||||||||||| ||und|| | ||
| 082 |
_a621.1 _bAHM |
||
| 100 |
_aAhmed Hassan Raza (00000171555) _9116506 |
||
| 245 | 0 | _aVoltage profile analysis of radial distribution system interconnected with solar and static VAR compensator / | |
| 260 |
_aUSPCAS-E, NUST, _bIslamabad : _c2020 |
||
| 300 | _a75 p. | ||
| 520 | _aTH-206 | ||
| 650 | _aMS-EEP Thesis MS Thesis | ||
| 700 |
_aDr. Kashif Imran _9117108 |
||
| 942 |
_cTHE _2ddc |
||
| 999 |
_c601885 _d601885 |
||